Physical Chemistry for B.Sc & B.Sc (hons) (Record no. 40566)

MARC details
000 -LEADER
fixed length control field 00454nam a2200145Ia 4500
008 - FIXED-LENGTH DATA ELEMENTS--GENERAL INFORMATION
fixed length control field 211109s9999||||xx |||||||||||||| ||und||
082 ## - DEWEY DECIMAL CLASSIFICATION NUMBER
Classification number 541.3
Item number VAR-P
100 ## - MAIN ENTRY--PERSONAL NAME
Personal name Varma, R P
245 #0 - TITLE STATEMENT
Title Physical Chemistry for B.Sc & B.Sc (hons)
260 ## - PUBLICATION, DISTRIBUTION, ETC.
Name of publisher, distributor, etc. Pradeep Publications
Place of publication, distribution, etc. Jalandhar
Date of publication, distribution, etc. 1900
300 ## - PHYSICAL DESCRIPTION
Extent 952p.
630 ## - SUBJECT ADDED ENTRY--UNIFORM TITLE
General subdivision GENERAL STACK
650 ## - SUBJECT ADDED ENTRY--TOPICAL TERM
Topical term or geographic name entry element NATURAL SCIENCES & MATHEMATICS
942 ## - ADDED ENTRY ELEMENTS (KOHA)
Koha item type BOOK
650 ## - SUBJECT ADDED ENTRY--TOPICAL TERM
Form subdivision CHEMISTRY & ALLIED SCIENCES
General subdivision PHYSICAL CHEMISTRYGeneralia
Holdings
Withdrawn status Lost status Damaged status Not for loan Home library Current library Date acquired Cost, normal purchase price Total Checkouts Full call number Barcode Shelving location Date last seen Price effective from Koha item type
        SB LIBRARY SB LIBRARY 09/11/2021 100.00   541.3 VAR-P 00082177 GENERAL STACK 09/11/2021 09/11/2021 BOOK

Powered by Koha